Karte des Pardubitzer Kreises im oestreichischen Kronlande Boehmen nach den besten & zuverlässigsten Quellen bearbeitet /

Hlavní autor: Steingruber, Karl
Další autoři: Obentraut, Maxmilian, 1795-1883
Jazyk: Němčina
Vydáno: Prag : Druck & Verlag von Friedrich Kretzschmar, [1850]
Témata:
Externí odkaz: Digitalizovaný dokument
Fyzický popis: 1 mapa : litografie, kolor. ; 41 x 56 cm, na listu 50 x 68 cm
Mapy
Uloženo v:
LEADER 02387nem a2200409 a 4500
001 mzk03001211299
003 CZ BrMZK
005 20210102013037.0
007 aj|ca|||
008 080728s1850 xr |||||||a|||r|||||gerod
034 1 |a a  |b 3034327  |d E0143751  |e E0164743  |f N0501443  |g N0491819 
040 |a BOA001  |b cze 
043 |a e-xr---  |b e-xr-pa  |2 czenas 
072 7 |a 913(437)  |x Geografie Česka a Slovenska, reálie, cestování  |2 Konspekt  |9 7 
072 7 |a 912:904  |x Staré mapy  |2 Konspekt  |9 7 
080 |a 913(437.314)  |2 MRF 
080 |a (084.3)32  |2 MRF 
100 1 |a Steingruber, Karl  |4 egr 
245 1 0 |a Karte des Pardubitzer Kreises im oestreichischen Kronlande Boehmen  |h [kartografický dokument] :  |b nach den besten & zuverlässigsten Quellen bearbeitet /  |c [...] Herrn Maximilian Obentraut [...] gewidmet vom Verleger ; gest. v. K. Steingruber 
255 |a Měřítko [ca 1:303 437]. 10,2 cm = Massstab 4 Meilen jede zu 4000 Wiener Klafter oder Wiener Zoll  |c (014°37´51" v.d.--016°47´43" v.d./050°14´43" s.š.--049°18´19" s.š.) 
260 |a Prag :  |b Druck & Verlag von Friedrich Kretzschmar,  |c [1850] 
300 |a 1 mapa :  |b litografie, kolor. ;  |c 41 x 56 cm, na listu 50 x 68 cm 
500 |a Výzdoba: Při horním okraji komentář, v pravém horním rohu legenda, v levém dolním rohu tabulka se statistickými údaji, v pravém dolním rohu název, při dolním okraji měřítko, v mapovém rámci geografické souřadnice 
500 |a Dedikace ministerskému radovi, jičínskému krajskému prezidentovi a předsedovi zemské vyvazovací komise pro Čechy Maximilianu Obentrautovi 
500 |a Exemplář byl původně uložen spolu s mapami Německého spolku pro historii Moravy a Slezska (Deutsches Verein für die Geschichte Mährens und Schlesiens)  |5 CZ-BrMZK 
510 4 |a Roubík, F. Soupis map českých zemí,  |c I, č. 899 
651 7 |a Pardubice (Česko : oblast)  |7 ge130371  |2 czenas 
655 7 |a politické a správní mapy  |7 fd133032  |2 czenas 
655 7 |a staré mapy  |7 fd674099  |2 czenas 
700 1 |a Obentraut, Maxmilian,  |d 1795-1883  |7 jk01090885  |g dte 
856 4 1 |u http://www.digitalniknihovna.cz/mzk/uuid/uuid:f6998871-0b86-462d-a350-ed1eb6e0f79a  |y Digitalizovaný dokument 
910 |a BOA001  |b STMpa-1208.980 
978 |b Kretzschmar, Friedrich  |a Praha  |c 1850 
984 |a Praha  |b Česko 
985 |a 1801-1850 
990 |a MP 
991 |b 201205  |k mzk